| 000 | 01565nam a2200301 a 4500 | ||
|---|---|---|---|
| 001 | BRCA_3080 | ||
| 005 | 20190320204112.0 | ||
| 008 | 270109s1825----fr-a---###---#000-0#fre-u | ||
| 041 | _afre | ||
| 044 | _afr | ||
| 084 |
_a386 _b.S25 _c1825 |
||
| 100 | 1 |
_aCervantes Saavedra, Miguel de _d1547-1616 _9213 |
|
| 245 | 1 | 0 |
_aHistoire de L´Admirable Don Quichotte de la Manche _cMiguel de Cervantes Saavedra ; Traduite de L´Espagnol par Filleau de Saint-Martin. |
| 260 |
_aParís _bSalmon _c1825 |
||
| 300 |
_a8 v. _bil. _c16 cm. |
||
| 500 | _aContenido : v 1. Primera parte. Advertencia del traductor. Texto. -- v 2. Texto. -- v 3. Texto. Segunda parte. Texto. -- v 4. Texto. -- v 5. Texto. -- v 6. Texto. Primera parte de la continuación escrita por el traductor. texto. -- v 7. Texto. Segunda parte de la continuación escrita por el traductor. Texto. -- v 8. Texto | ||
| 500 | _aTuvo por modelo la edición de Delongchamps, impresa el año anterior. Va adornada son 8 láminas anónimas que no ofrecen nada de notable. Semipiel; lomeras adornadas con filetes dorados Lúdovik Osterc | ||
| 500 | _aQM307 | ||
| 546 | _aTexto en : francés | ||
| 650 | 1 | 4 |
_aNovela española _yÉpoca clásica, 1500-1700 _9215 |
| 650 | 1 | 4 |
_aLiteratura española _yÉpoca clásica, 1500-1700 _9216 |
| 650 | 1 | 4 |
_aNovela española _ySiglo XVII _9217 |
| 650 | 1 | 4 |
_aDon Quijote (Personaje ficticio) _eNovela _9218 |
| 700 | 1 |
_aSaint-Martin, Francois Filleau de _d1632-1695 _eTraductor _98414 |
|
| 740 | 0 | _aEl Ingenioso Hidalgo Don Quijote de la Mancha | |
| 902 | _aQFM | ||
| 942 |
_2lcc _cB |
||
| 999 |
_c2816 _d2816 |
||